| 000 | 01000nam0a22002771 4500 | ||
|---|---|---|---|
| 001 | v19\rc\1256466 | ||
| 005 | 20250618000532.0 | ||
| 035 | _a(NLR Aleph) 004411729 | ||
| 090 |
_a4015534 _c4015534 |
||
| 100 | _a20060306d1891 |||y0rusy50 ca | ||
| 101 | 0 | _arus | |
| 102 | _aRU | ||
| 105 | _ay z ||||| | ||
| 200 | 1 |
_aКоппелия или Красавица с голубыми глазами _eБалет в 3 д. _e[Либретто] _fСоч. гг. Нионтер и Сен-Леона _gМузыка соч. Лео Делиба |
|
| 210 |
_aМосква _cтип. Моск. театров _d1891 |
||
| 215 | _a15 с. | ||
| 517 | 0 | _aКрасавица с голубыми глазами | |
| 701 | 0 | _aНионтер | |
| 701 | 0 | _aСен-Леон | |
| 702 | 1 |
_4230 _aДелиб _bЛ. _f1836-1891 _gЛео _9135083 _3RU\NLR\AUTH\770135117 |
|
| 801 | 0 |
_aRU _bNLR _gpsbo |
|
| 801 | 1 |
_aRU _bProSoft-M _2rusmarc |
|
| 801 | 2 |
_aRU _bNLR _c20140716 _2rusmarc |
|
| 852 |
_aNLR _j18.207.4.312 |
||
| 942 | _cBOOK | ||
| 980 | _aNB | ||